00481ntaaa2200181 45000030003000000050017000030080021000200400037000410820017000781000022000952450032001172500010001492600052001593000009002115000034002206500023002547000022002770120251027202923.00714s1973 ag 01  aAR-BaBNbspacAR-BaBNeaacrdRIC a922.0000 W15 aWalker, Clarence  aGualterio ya no vive aquí a1 ed. aBuenos Aires : bJunta de Publicaciones, c1948 a35 p aDos biografías en uno libro aWalker-biografía aAdams, Chester D